00955nam a2200169 a 4500008004100000050001500041100003000056245003300086246006000119260002900179350000900208995015400217995016300371999001700534952010000551952013400651120416s1970 ||||||||||||||||| || u aDT 353 Afr aMarkovitz, Irving Leonard10aAfrican politics and society abasic issues and problems of government and development aLondonbFree Pressc1970 a0.00 aBINDERY (DAMAGED)D0.00e709919FCBU-MAIN LIBRARY (Kitwe)H1I35.00jDT 353 AfrM1UDAMAGEDWSep 7, 2006y000754ZMain Library Open Access Collection aMAIN LIBRARY OPEN ACCESSD0.00e709918FCBU-MAIN LIBRARY (Kitwe)H2I35.00jDT 353 AfrM1UAVAILABLEWSep 7, 2006y000753ZMain Library Open Access Collection c83802d83802 00102lcc41708BINDa001b001d2024-01-08oDT 353 Afrp000754r2024-01-08t1w2024-01-08y002 00102lcc4070a001b001cMain Library Open Access Collectiond2024-01-08l0oDT 353 Afrp000753r2024-01-08t2w2024-01-08y002